| 000 | 00769nam a22002177a 4500 | ||
|---|---|---|---|
| 999 |
_c18279 _d18279 |
||
| 003 | AR-CdUCM | ||
| 008 | 190513b ||||| |||| 00| 0 spa d | ||
| 040 |
_aMUNICIPALIDAD PROVINCIAL DEL CUSCO _cBIBLIOTECA MUNICIPAL DEL CUSCO |
||
| 082 |
_a860.9 / _bS16 |
||
| 100 |
_aSalinas , Pedro _913884 |
||
| 245 |
_aPedro Salina : _bLiteratura española, siglo XX / |
||
| 260 |
_aMadrid : _bAlianza, _c1970. |
||
| 300 |
_a224 paginas ; _c19 cm. |
||
| 440 |
_aEl libro de bolsillo _938777 |
||
| 505 | _aContenido :Cuatro estudios sobre temas generales de la literatura del siglo XX -- Tres aspectos de Unamudo / | ||
| 650 |
_aLiteratura española _9362 |
||
| 650 |
_aHistoria y crítica _95993 |
||
| 650 |
_aSiglo XX _98 |
||
| 942 |
_2ddc _cLIBROS |
||
| 945 |
_arjall _d2019-05-13 |
||